Hóa học nước

Na minha lista:
Detalhes bibliográficos
Autor principal: Lâm, Ngọc Thụ
Outros Autores: Trần, Thị Hồng
Formato: Livro
Idioma:Undetermined
Publicado em: H. Khoa học và Kỹ thuật 2006
Assuntos:
Acesso em linha:http://lrc.tdmu.edu.vn/opac/search/detail.asp?aID=2&ID=7615
Tags: Adicionar Tag
Sem tags, seja o primeiro a adicionar uma tag!
Thư viện lưu trữ: Trung tâm Học liệu Trường Đại học Thủ Dầu Một
LEADER 00652nam a2200205Ia 4500
001 TDMU_7615
008 210410s9999 xx 000 0 und d
082 |a 551.48 
090 |b L120 
100 |a Lâm, Ngọc Thụ 
245 0 |a Hóa học nước 
245 0 |c Lâm Ngọc Thụ, Trần Thị Hồng 
260 |a H. 
260 |b Khoa học và Kỹ thuật 
260 |c 2006 
300 |a 142 tr. 
650 |a Hóa học nước; Thủy học 
700 |a Trần, Thị Hồng 
856 |u http://lrc.tdmu.edu.vn/opac/search/detail.asp?aID=2&ID=7615 
980 |a Trung tâm Học liệu Trường Đại học Thủ Dầu Một